NCAAM DIII Basketball Logo Quiz: CUNYAC - Statistics

General Stats
  • This quiz has been taken 3 times
  • The average score is 4 of 8
Answer Stats
Picture Answer % Correct
John Jay
100%
Baruch
67%
CCNY
67%
Hunter
67%
Brooklyn
33%
Lehman
33%
Medgar Evers
33%
York
33%
No matching quizzes found
Score Distribution
Percent of People with Each Score
Percentile by Number Answered
Your Score History
You have not taken this quiz